000 00541nam a22001817a 4500
003 DO-SdBNP
005 20171124144712.0
008 171124b 1964 ag a||||| |||| 00| 0 spa d
040 _aBPMSU
_bspa
_cBPMSU
092 _axxxx
_bxxxx
100 1 _aFesquet, Alberto E- J.
245 1 0 _aElementos de ciencias naturales /
_cAlberto E- J. Fesquet.
260 _aBuenos Aires :
_bKapelusz,
_c1964.
300 _a244 p. :
_bil. ;
_c21 cm.
942 _2ddc
_cBK
945 _aInventariado 2017 / LP
956 _aLOPEREZ
_b10
_c20171124
_h0041
999 _c13099
_d13099